[Event "Ontario-ch U20 U1800"]
[Site "Mississauga"]
[Date "2019.01.12"]
[Round "1.22"]
[White "Liao, Yilin"]
[Black "Stroganov, Victor"]
[Result "1-0"]
[WhiteElo "1381"]
[BlackElo "1587"]
[PlyCount "59"]
[EventDate "2019.01.12"]
[EventType "swiss"]
[EventRounds "5"]
[EventCountry "CAN"]
[SourceTitle "EXT 2022"]
[Source "ChessBase"]
[SourceDate "2021.10.06"]
[SourceVersion "1"]
[SourceVersionDate "2021.10.06"]
[SourceQuality "1"]

1. e4 e5 2. Nf3 Nc6 3. Bc4 Bc5 4. c3 Nf6 5. d3 h6 6. 0-0 0-0 7. Be3 Bb6 8. Nbd2 d6 9. h3 Be6 10. Bb3 Re8 11. Re1 d5 12. Nf1 dxe4 13. Bxe6 Rxe6 14. dxe4 Rd6 15. Qb3 Na5 16. Qa4 Qd7 17. Qc2 Rd8 18. Ng3 Nc4 19. Bxb6 axb6 20. Nf5 Rc6 21. Rad1 Qe8 22. Rxd8 Qxd8 23. Rd1 Qe8 24. Nd2 Nd6 25. Nxd6 cxd6 26. g3 Qe6 27. a3 b5 28. Nf3 Qc4 29. Nxe5 Qc5 30. Nxc6 1-0

[Event "CAN-ch U12 Girls"]
[Site "Quebec"]
[Date "2018.07.05"]
[Round "7.97"]
[White "Jiang, Kate Yuhua"]
[Black "Liao, Yilin"]
[Result "1/2-1/2"]
[WhiteElo "1612"]
[BlackElo "1346"]
[PlyCount "90"]
[EventDate "2018.07.02"]
[EventType "swiss"]
[EventRounds "7"]
[EventCountry "CAN"]
[SourceTitle "EXT 2022"]
[Source "ChessBase"]
[SourceDate "2021.10.06"]
[SourceVersion "1"]
[SourceVersionDate "2021.10.06"]
[SourceQuality "1"]

1. e4 d5 2. exd5 Qxd5 3. Nc3 Qa5 4. d4 Nf6 5. Nf3 Bf5 6. Bc4 e6 7. a3 c6 8. Be3 Bd6 9. h3 Nbd7 10. 0-0 0-0 11. Re1 Qc7 12. Qe2 Rfe8 13. Rad1 Rad8 14. Bd3 Bxd3 15. Qxd3 h6 16. Qd2 Nh7 17. Ne4 Ndf6 18. Nxf6+ Nxf6 19. Kh1 Nd5 20. c4 Nxe3 21. Qxe3 Qd7 22. Ne5 Qe7 23. b4 Bxe5 24. Qxe5 Qd6 25. Qh5 Qf4 26. Qc5 b6 27. Qxc6 Qxf2 28. d5 Rc8 29. Qd7 Red8 30. Qxa7 exd5 31. Rf1 Ra8 32. Qe7 Qc2 33. Qxf7+ Kh8 34. Rxd5 Rdc8 35. Qb7 Qxc4 36. Rfd1 Rxa3 37. Qxb6 Rb3 38. Rd8+ Rxd8 39. Qxd8+ Kh7 40. Qf8 Qg8 41. Qf5+ Kh8 42. Qa5 Kh7 43. Qf5+ Kh8 44. Qa5 Kh7 45. Qf5+ Kh8 1/2-1/2